000 00953nam a22003257a 4500
001 BR8001098
003 BR-BrBNA
005 20230928090535.0
007 ta
008 230509b bl.||||| |||| 00| 0 por d
040 _aBR-BrBNA
_bpor
_cBiblioteca Nacional de Agricultura
041 _a(Por)
072 _aE10; E15
_b/G514
090 _ E10 BR8001098
110 1 _aFundacao Estadual de Planejamento Agricola de Pernambuco, Recife (Brasil)
_94889
245 1 _aPre-diagnostico de produtores de baixa renda de Pernambuco [Brasil]
246 1 _aPre-diagnosis of low income farmers from Pernambuco [Brazil]
260 3 _aRecife, PE (Brasil):
_c1980.
300 _a91 p.
500 _a6 ref.
650 _aMacroeconomia
650 _aMicroeconomia
650 _aEstrutura agraria
650 _aArrendamento
650 _aRenda
650 _aBaixa renda
650 _aPernambuco
909 _a202309
_bLucia
_c55
_dLucia Elande
942 _cBK
999 _c29268
_d29268